LEADER 00790nam a2200217 i 4500 001 000000077509 003 CaOOAMICUS 005 20031218000000.0 008 031218s1966 it u000 u mul u 013 $a48681 040 $aSeMil$bita 245 10$aLibri 3.-4.-5. 300 $a430 p. 490 0 $aProsatori di Roma 500 $aTesto latino a fronte. 700 1 $aTacitus, Publius Cornelius ,$c.$0(OLS)http://semarc/name/5210 773 0 $aTacitus, Publius Cornelius $tStorie.$dBologna : Zanichelli, 1966.$gVol.2$w()20741 830 0$aProsatori di Roma.$0(OLS)http://semarc/title/5869 850 $aSeMil 852 $aSeMil$W1$xVenegono$y1$m1Z II 250$j43661$B43661$CSeMilBibl$Z2$F43551 $81 996 $6245$aLibri 3.-4.-5$9(OLS)http://semarc/title/99960 LEADER 01284nam a2200289 4500 001 000000352437 003 CaOOAMICUS 005 20260304145059.0 008 221202s2010 it 000 u ita r 020 $a978-88-04-53630-7 040 $aSeMil$bita 100 1 $aDostoevskij, Fëdor Michajlovi?,$d<1821-1881>.$0(OLS)http://semarc/name/1325 240 10$aPrestuplénie i nakazànie.$0(OLS)http://semarc/title/440027 245 10$aDelitto e castigo /$cFëdor Dostoevskij ; a cura di Serena Prina ; con uno scritto di Pier Paolo Pasolini. 264 1$aMilano :$bOscar Mondadori,$c2010. 300 $aXXXVIII, 684 p. ;$c20 cm 490 1 $aGrandi classici ;$v50 700 1 $aPrina, Serena.$0(OLS)http://semarc/name/34816 700 1 $aPasolini, Pier Paolo,$d<1922-1975>.$0(OLS)http://semarc/name/6365 830 0$aGrandi classici ;$v50.$0(OLS)http://semarc/title/19391 850 $aSeMil 852 $aSeMil$W1$xVenegono$y1$m1T I 35$j235725$B243612$CSeMilBibl$Z2$F243612 $81 961 $aVitali Nicolò - Lascito 996 $6020$a978-88-04-53630-7$9(OLS)http://semarc/number/297279 996 $6245$aDelitto e castigo$9(OLS)http://semarc/title/25490 996 $6264$aMilano :$bOscar Mondadori$9(OLS)http://semarc/publisher/30178